01389nam a2200265 a 450000100100000000500170001000800410002704000250006808200190009310000420011224500790015426000360023330000210026950000600029059000260035065000280037665000310040491000420043595201310047795201310060895201310073995201160087095201220098699900150110800000892320240412074208.0090921s2003 dr r 000 p spa d aDO-SdBNPbspacBNPHU aRD861.44bE74v1 aEscorbort Encarnación, Juana92349310aVivencias y sentimientos de un corazón /cJuana Escorbort Encarnación. aSanto Domingo :bAmalba,c2003. a229 p. ;c21 cm. aIncluye datos biográficos de la autora en las solapas aInventariado, 2018/BT 0aPoesía dominicana966 0aLiteratura dominicana.967 aValidado. Control de calidad. MMOLINA 001054708DSaGRbGRcHDd2009-09-25iLF1l0oRD861.44 E74vp8923-30r2020-06-25te. 3w2020-06-25yLFDSZPréstamo en sala 001054708DSaGRbGRcHDd2010-02-19iLF1l0oRD861.44 E74vp8923-40r2020-06-25te. 4w2020-06-25yLFDSZPréstamo en sala 001054708DSaGRbGRcHDd2010-02-19iLF1l0oRD861.44 E74vp8923-50r2020-06-25te. 5w2020-06-25yLFDSZPréstamo en sala 0010718PDaPDbPDcHDd2009-09-21iLF1l0oRD861.44 E74vp8923-10r2020-06-25w2020-06-25yLFPDZNo se presta 0010718PDaPDbPDcHDd2009-09-21iLF1l0oRD861.44 E74vp8923-20r2020-06-25te. 2w2020-06-25yLFPDZNo se presta c8689d8689